| 000 | 00577nam a22001697a 4500 | ||
|---|---|---|---|
| 003 | OSt | ||
| 005 | 20241107131507.0 | ||
| 008 | 241107b |||||||| |||| 00| 0 eng d | ||
| 040 | _c0 | ||
| 082 | _aDPer050 M72 January-March 2018 v. 66 no. 8-10 | ||
| 100 |
_aGalvez, Noel O. Jr. _eauthor. _963734 |
||
| 245 |
_aAng mga mag-aaral na may espesyal na pangangailangan / _cNoel O. Galvez Jr. |
||
| 260 |
_aManila, Philippines ; _bIn the Grade School, Inc, _cFebruary 2019. |
||
| 300 | _aVolume 66, pages 351,352. | ||
| 700 |
_aGalvez, Noel O. Jr. _eauthor. _963734 |
||
| 942 |
_2ddc _cPER |
||
| 999 |
_c23070 _d23070 |
||